000 00283nam a22001337a 4500
008 170607b xxu||||| |||| 00| 0 eng d
020 _a0865691215
041 _aeng
080 _a32
100 _a18
101 _aSHP
245 _aPLANT CLOSINGS
_cROTHSTEIN,L.E
942 _2udc
_cBK
999 _c16225
_d16225